书目信息 |
| 题名: |
水泥厂工艺设计实用手册
|
|
| 作者: | 白礼懋 主编 | |
| 分册: | ||
| 出版信息: | 北京 中国建筑工业出版社 1997.06 |
|
| 页数: | 1282页 | |
| 开本: | 16开 | |
| 丛书名: | ||
| 单 册: | ||
| 中图分类: | TQ172.6-62 | |
| 科图分类: | ||
| 主题词: | 水泥--化学工业 | |
| 电子资源: | ||
| ISBN: | 7-112-02899-X | |
| 000 | 00591nam0 2200193 45 | |
| 001 | 0103060915 | |
| 005 | 20010306095603.7 | |
| 010 | @a7-112-02899-X@d106.00元 | |
| 100 | @a20010306d1997 km y0chiy0120 ea | |
| 101 | 0 | @achi |
| 105 | @a z 000yy | |
| 200 | 1 | @a水泥厂工艺设计实用手册@AShui Ni Chang Gong Yi She Ji Shi Yong Shou Ce@f白礼懋主编@FBai Li Mao Zhu Bian |
| 210 | @a北京@c中国建筑工业出版社@d1997.06 | |
| 215 | @a1282页@d16开 | |
| 606 | 0 | @a水泥@x化学工业 |
| 690 | @aTQ172.6-62@v3 | |
| 701 | 0 | @a白礼懋@4主编 |
| 801 | @aCN@bPftUser@c20010306 | |
| 905 | @b325977@dTQ172.6-62@eB505@f1 | |
| 水泥厂工艺设计实用手册/白礼懋主编.-北京:中国建筑工业出版社,1997.06 |
| 1282页;16开 |
| ISBN 7-112-02899-X:106.00元 |
| ● |
| 相关链接 |
|
|
|
正题名:水泥厂工艺设计实用手册
索取号:TQ172.6-62/B505
 
预约/预借
| 序号 | 登录号 | 条形码 | 馆藏地/架位号 | 状态 | 备注 |
| 1 | 325977 | 203259776 | 材料与化工学院资料室/ [索取号:TQ172.6-62/B505] | 在馆 | |
| 2 | 326899 | 203268999 | 自科库501/501自科库 139排8列5层/ [索取号:TQ172.6-62/B505] | 在馆 | |
| 3 | 326900 | 203269006 | 自科库501/501自科库 139排8列5层/ [索取号:TQ172.6-62/B505] | 在馆 |